| 000 | 01882cam a2200337 a 4500 | ||
|---|---|---|---|
| 001 | 16587685 | ||
| 003 | NUST | ||
| 005 | 20201023114355.0 | ||
| 008 | 101222s2011 ne a b 001 0 eng | ||
| 010 | _a 2010048955 | ||
| 020 | _a9780123821881 (pbk.) | ||
| 038 | _aSNS Library Staff | ||
| 040 |
_aDLC _cDLC _dDLC |
||
| 042 | _apcc | ||
| 050 | 0 | 0 |
_aQC174.8 _b.P38 2011 |
| 082 | 0 | 0 |
_a530.13 _222 _bPAT |
| 100 | 1 |
_aPathria, R. K. _934449 |
|
| 245 | 1 | 0 | _aStatistical Mechanics. |
| 250 |
_a3rd ed. / _bR.K. Pathria, Paul D. Beale. |
||
| 260 |
_aAmsterdam ; _aBoston : _bElsevier/Academic Press, _c2011. |
||
| 300 |
_axxvi, 718 p. : _bill. ; _c24 cm. |
||
| 440 |
_aStatistical Mechanics. _934450 |
||
| 504 | _aIncludes bibliographical references (p. 687-705) and index. | ||
| 505 | 0 | _aThe statistical basis of thermodynamics -- Elements of the ensemble theory -- The canonical ensemble -- The grand canonical ensemble -- Formulation of quantum statistics -- The theory of simple gases -- Ideal Bose systems -- Ideal Fermi systems -- Thermodynamics of the early universe -- Statistical mechanics of interacting systems : the method of cluster expansions -- Statistical mechanics of interacting systems : the method of quantized fields -- Phase transitions : criticality, universality, and scaling -- Phase transitions : exact (or almost exact) results for models -- Phase transitions : the renormalization group approach -- Fluctuations and nonequilibrium statistical mechanics -- Computer simulations. | |
| 650 | 0 |
_aStatistical mechanics. _934451 |
|
| 700 | 1 |
_aBeale, Paul D. _934452 |
|
| 856 | 4 | 1 |
_3Table of contents only _uhttp://www.loc.gov/catdir/toc/fy11pdf04/2010048955.html |
| 906 |
_a7 _bcbc _corignew _d1 _eecip _f20 _gy-gencatlg |
||
| 942 |
_2ddc _cBK _k530.133 PAT |
||
| 999 |
_c540428 _d540428 |
||